| 000 | 03513ncm0a2200553 4500 | ||
|---|---|---|---|
| 001 | RU\NLR\ONIZ\211994 | ||
| 005 | 20250624195617.0 | ||
| 013 | _a979-0-706363-42-4 | ||
| 021 |
_aRU _b10-525н _910-44н |
||
| 035 | _aRU\NLR\ONIZ\GALA\5000024891\20150617141250 | ||
| 035 | _a(NLR Aleph) 010891537 | ||
| 071 | 2 | 0 | _a068 |
| 090 |
_a10556543 _c10556543 |
||
| 100 | _a20150617d2009 |||y0rusy50 ca | ||
| 101 | 0 | _arus | |
| 102 | _aRU | ||
| 125 | _aax | ||
| 200 | 1 |
_aИзбранное для фортепиано _bНоты |
|
| 210 |
_aМосква _cКифара _d2009 |
||
| 215 |
_a78 с. _d29 см |
||
| 327 | 1 |
_a1. Песня без слов : соч. 2 № 3; _a2. Романс : соч. 5; _a3. Юмореска : соч. 10 № 2; _a4. Ноктюрн : соч. 19 № 4; _a5. Грустная песенка : соч. 40 № 2; _a6. Песенка без слов : соч. 40 № 6; _a7. В деревне : соч. 40 № 7; _a8. Вальс : соч. 40 № 9; _a9. Русская пляска : соч. 40 № 10; _a10. Ната-вальс : соч. 51 № 4; _a11. Сентиментальный вальс : соч. 51 № 6; _a12. Нежные упрёки : соч. 72 № 3; _a13. Раздумье : соч. 72 № 5; _a14. Вальс-безделушка : соч. 72 № 11; _a15. Шалунья : соч. 72 № 12 |
|
| 464 | 0 |
_12001#$aПесня без слов$eсоч. 2 № 3 _1215##$aС.3-6 _tПесня без слов |
|
| 464 | 0 |
_12001#$aРоманс$eсоч. 5 _1215##$aС.6-11 _tРоманс |
|
| 464 | 0 |
_12001#$aЮмореска$eсоч. 10 № 2 _1215##$aС.12-16 _tЮмореска |
|
| 464 | 0 |
_12001#$aНоктюрн$eсоч. 19 № 4 _1215##$aС.17-20 _tНоктюрн |
|
| 464 | 0 |
_12001#$aГрустная песенка$eсоч. 40 № 2 _1215##$aС.21-23 _tГрустная песенка |
|
| 464 | 0 |
_12001#$aПесенка без слов$eсоч. 40 № 6 _1215##$aС.23-27 _tПесенка без слов |
|
| 464 | 0 |
_12001#$aВ деревне$eсоч. 40 № 7 _1215##$aС.27-33 _tВ деревне |
|
| 464 | 0 |
_12001#$aВальс$eсоч. 40 № 9 _1215##$aС.34-40 _tВальс |
|
| 464 | 0 |
_12001#$aРусская пляска$eсоч. 40 № 10 _1215##$aС.41-46 _tРусская пляска |
|
| 464 | 0 |
_12001#$aНата-вальс$eсоч. 51 № 4 _1215##$aС.46-51 _tНата-вальс |
|
| 464 | 0 |
_12001#$aСентиментальный вальс$eсоч. 51 № 6 _1215##$aС.52-57 _tСентиментальный вальс |
|
| 464 | 0 |
_12001#$aНежные упрёки$eсоч. 72 № 3 _1215##$aС.58-61 _tНежные упрёки |
|
| 464 | 0 |
_12001#$aРаздумье$eсоч. 72 № 5 _1215##$aС.61-67 _tРаздумье |
|
| 464 | 0 |
_12001#$aВальс-безделушка$eсоч. 72 № 11 _1215##$aС.68-74 _tВальс-безделушка |
|
| 464 | 0 |
_12001#$aШалунья$eсоч. 72 № 12 _1215##$aС.75-78 _tШалунья |
|
| 606 | 1 |
_aПьесы для фортепиано _yРоссия _z19 век _jНоты _2nlr_sh |
|
| 686 |
_aЩ954.2-058(28)я44 _vLBC/SL _2rubbk |
||
| 700 | 1 |
_9z01790 _aЧайковский _bП. И. _f1840-1893 _gПетр Ильич _4230 _7ca |
|
| 790 | 1 |
_9z01700 _aChajkovskij _bP. I. _f1840-1893 _gPyotr Il`ich _4230 _7ba |
|
| 801 | 0 |
_aRU _bNLR _c20150617 _gPSBO |
|
| 801 | 1 |
_aRU _bNLR _c20150617 _2rusmarc |
|
| 801 | 2 |
_aRU _bNLR _c20190630 |
|
| 852 |
_aNLR _bМ _jК-3/27263 _pМОЭ 2010-44н/525н _t1 |
||
| 852 |
_aNLR _bМ _jК-3/27263а _pМОЭ 2010-44н/525на _t2 |
||
| 942 | _cSCORE | ||
| 980 | _aNB | ||
| 980 | _aONIZ | ||